[Event "FSGM November"]
[Site "Budapest HUN"]
[Date "2005.11.14"]
[Round "10"]
[White "Radziewicz,I"]
[Black "Erdos,V"]
[Result "1-0"]
[WhiteElo "2453"]
[BlackElo "2522"]

1.e4 e6 2.d4 d5 3.Nd2 Be7 4.Ngf3 Nf6 5.e5 Nfd7 6.c3 c5 7.Bd3 b6 8.Qe2 cxd4
9.cxd4 a5 10.Nb1 Ba6 11.Bxa6 Nxa6 12.Nc3 O-O 13.O-O Nc7 14.Bd2 Nb8 15.Nb5 Nba6
16.Rfc1 Qd7 17.Nxc7 Nxc7 18.Rc2 Rfc8 19.Rac1 Ne8 20.Rxc8 Rxc8 21.Rxc8 Qxc8
22.Qb5 Qd8 23.Ne1 Kf8 24.b3 Qc7 25.g4 f6 26.f4 Ba3 27.Kf1 Bc1 28.Ke2 Ba3
29.Kd1 g6 30.f5 gxf5 31.gxf5 fxe5 32.fxe6 Nf6 33.Nc2 Bd6 34.Qf1 Qg7 35.Ne3 exd4
36.Nxd5 Be5 37.Kc1 d3 38.Nxb6 Qc7+ 39.Nc4 Qc5 40.Qxd3 Ke7 41.Qe2 Qg1+ 42.Kc2 Bxh2
43.Nxa5 Qg6+ 44.Kb2 Bc7 45.Bb4+ Kd8 46.Nc6+ Ke8 47.Qa6 Bd8 48.Qc8 Qg2+ 49.Ka3 Qd5
50.e7  1-0

[Event "FSGM November"]
[Site "Budapest HUN"]
[Date "2005.11.17"]
[Round "13"]
[White "Murariu,A"]
[Black "Radziewicz,I"]
[Result "1-0"]
[WhiteElo "2441"]
[BlackElo "2453"]

1.e4 e6 2.d4 d5 3.Nd2 Be7 4.e5 Nh6 5.Bd3 c5 6.Ngf3 Nc6 7.O-O c4 8.Be2 Nf5
9.Nb1 h5 10.b3 b5 11.c3 Bd7 12.g3 Qc7 13.h4 a5 14.a4 Na7 15.axb5 cxb3 16.Qxb3 O-O
17.b6 Rfb8 18.bxc7 Rxb3 19.Nfd2 Rb7 20.Rxa5 g6 21.Ba3 Rxc7 22.Bxe7 Nxe7 23.Nb3 Rb8
24.Nc5 Rb2 25.Bd3 Bb5 26.Bxb5 Nxb5 27.Na4 Ra2 28.Rxb5 Rxa4 29.Rb2 Kg7 30.Re1 Nf5
31.Kf1 Rac4 32.Ke2 Rxc3 33.Nxc3 Rxc3 34.Rd1 Rc4 35.Rbd2 Ra4 36.Rd3 Rc4 37.Kf3 Ne7
38.Kg2 Nc6 39.f3 Kh6 40.R3d2 Kg7 41.Kf2 Ne7 42.g4 Kh6 43.Ke3 Nc6 44.Ra1 Rc3+
45.Rd3 Rc4 46.Ra8 Nb4 47.Rb3 Kg7 48.gxh5 gxh5 49.Rb1 Rc3+ 50.Kf4 Nd3+ 51.Kg5 Rc2
52.Rg1 Rf2 53.Kxh5+ Kh7 54.Rgg8 Nf4+ 55.Kg5 Ng6 56.h5 Rg2+ 57.Kf6  1-0

[Event "TCh-AUT 2005-6"]
[Site "Austria AUT"]
[Date "2005.11.19"]
[Round "2"]
[White "Balogh,C"]
[Black "Tkachiev,V"]
[Result "1/2-1/2"]
[WhiteElo "2567"]
[BlackElo "2629"]

1.e4 e6 2.d4 d5 3.Nd2 a6 4.Ngf3 c5 5.exd5 exd5 6.Be2 Nf6 7.O-O Be7 8.dxc5 Bxc5
9.Nb3 Bb6 10.c4 O-O 11.c5 Bc7 12.Bg5 Nc6 13.Re1 Re8 14.Qd2 h6 15.Bh4 Re4
16.Bd3 Bf4 17.Qc3 Rxe1+ 18.Rxe1 Bg4 19.Bb1 Bxf3 20.Qxf3 Be5 21.Qd3 g5 22.Bg3 Bxg3
23.hxg3 Qd7 24.Nd4 Re8 25.Rd1 Re4 26.Qf3 Nxd4 27.Qxf6 Qg4 28.f3 Ne2+ 29.Kf1 Nxg3+
30.Kg1 Ne2+ 31.Kf1 Ng3+ 32.Kg1 Ne2+ 33.Kf1 Ng3+  1/2-1/2

[Event "WJun Girls"]
[Site "Instanbul TUR"]
[Date "2005.11.19"]
[Round "10"]
[White "Guseva,M"]
[Black "Meshcheriakova,E"]
[Result "1-0"]
[WhiteElo "2363"]
[BlackElo "2197"]

1.e4 e6 2.d4 d5 3.Nd2 a6 4.Ngf3 c5 5.dxc5 Bxc5 6.Bd3 Nf6 7.e5 Nfd7 8.O-O Nc6
9.Re1 Qc7 10.Qe2 h6 11.c3 b5 12.Nb3 Ba7 13.Nbd4 Bb7 14.Bd2 Nc5 15.Nxc6 Bxc6
16.Be3 Rc8 17.Bd4 Bd7 18.Rad1 Bb8 19.Bb1 a5 20.Nh4 g5 21.Nf3 Ke7 22.Nd2 Rcg8
23.Qe3 Nb7 24.Rf1 Ke8 25.g3 Nd8 26.Bd3 Nc6 27.Bxb5 Nxe5 28.Bxd7+ Kxd7 29.c4 Nxc4
30.Nxc4 Qxc4 31.Bxh8 Rxh8 32.b3 Qc7 33.Rc1 Qd6 34.Qc3 e5 35.Qxa5 d4 36.Qb5+ Ke7
37.Qb7+ Qd7 38.Qxd7+ Kxd7 39.Rfd1 Kd6 40.b4 Kd5 41.Rc5+ Ke4 42.Rc6 Kd5 43.b5 Bd6
44.a4 Rb8 45.g4 e4 46.Rxd4+ Kxd4 47.Rxd6+ Kc5 48.Rxh6 Ra8 49.Ra6 Rd8 50.b6 Rd1+
51.Kg2  1-0

[Event "55th ch-GRE"]
[Site "Kalamata GRE"]
[Date "2005.11.19"]
[Round "4"]
[White "Kotronias,V"]
[Black "Halkias,S"]
[Result "1-0"]
[WhiteElo "2626"]
[BlackElo "2540"]

1.e4 e6 2.d4 d5 3.Nd2 Nc6 4.Ngf3 Nf6 5.e5 Nd7 6.c3 f6 7.Bb5 fxe5 8.dxe5 Be7
9.Nd4 Nxd4 10.cxd4 O-O 11.Bd3 c5 12.Qh5 Rf5 13.Bxf5 exf5 14.Qf3 Nf8 15.dxc5 b6
16.O-O bxc5 17.Nc4 Be6 18.Nd6 Bxd6 19.exd6 Qxd6 20.Bf4 Qd7 21.Rfe1 Ng6 22.h4 Rc8
23.h5 Nxf4 24.Qxf4 h6 25.Rad1 a5 26.Rd3 d4 27.Rg3 Kh8 28.Rg6 Bf7 29.Rd6 Qc7
30.Qxf5 Qxd6 31.Qxc8+ Bg8 32.Re8 Qd5 33.b3 Kh7 34.Rd8 Qxh5 35.g4 Qe5 36.Rxg8 Qe1+
37.Kg2 Qe4+ 38.Kg3 Qe5+ 39.Kh3 Qd5 40.Rh8+ Kg6 41.Qe8+  1-0

[Event "WJun Girls"]
[Site "Instanbul TUR"]
[Date "2005.11.20"]
[Round "11"]
[White "Ursic,Sim"]
[Black "Hoolt,S"]
[Result "1/2-1/2"]
[WhiteElo "2040"]
[BlackElo "2144"]

1.e4 e6 2.d4 d5 3.Nd2 Nc6 4.Ngf3 Nf6 5.e5 Nd7 6.c3 f6 7.exf6 Qxf6 8.Nb3 h6
9.Be2 Bd6 10.O-O O-O 11.Be3 e5 12.dxe5 Ndxe5 13.Bd4 Nxf3+ 14.Bxf3 Qf4 15.h3 Bxh3
16.gxh3 Qxf3 17.Qxf3 Rxf3 18.Kg2 Rf7 19.Rae1 a6 20.h4 h5 21.Re6 a5 22.Rg6 Bf4
23.Rg3 g6 24.Re3 Re8 25.Kh3 Rxe3+  1/2-1/2

[Event "IV I Subasic Mem"]
[Site "Zenica BIH"]
[Date "2005.11.21"]
[Round "4"]
[White "Saric,Ib"]
[Black "Drasko,M"]
[Result "1/2-1/2"]
[WhiteElo "2441"]
[BlackElo "2528"]

1.e4 e6 2.d4 d5 3.Nd2 Be7 4.e5 c5 5.Qg4 g6 6.dxc5 Nd7 7.Ngf3 Qc7 8.Bb5 Qxc5
9.Bxd7+ Bxd7 10.c3 f6 11.Nb3 Qc4 12.Qxc4 dxc4 13.exf6 Nxf6 14.Nbd2 Rc8 15.Ne5 Bc6
16.Nxc6 Rxc6 17.Nf3 Nd5  1/2-1/2

[Event "WCC"]
[Site "Khanty Mansyisk RUS"]
[Date "2005.11.27"]
[Round "1.1"]
[White "Kotronias,V"]
[Black "Ni Hua"]
[Result "1-0"]
[WhiteElo "2626"]
[BlackElo "2603"]

1.e4 e6 2.d4 d5 3.Nd2 Be7 4.Bd3 c5 5.dxc5 Nf6 6.Qe2 O-O 7.Ngf3 a5 8.O-O Na6
9.e5 Nd7 10.c3 Naxc5 11.Bc2 f6 12.exf6 Bxf6 13.Nb3 b6 14.Nxc5 Nxc5 15.Rd1 Ba6
16.Qe3 Qe8 17.Ng5 Bxg5 18.Qxg5 Ne4 19.Qh4 Qc6 20.Be3 h6 21.Qg4 Nf6 22.Qg3 Kh8
23.Bd4 b5 24.Re1 Qe8 25.Re5 Qf7 26.Rae1 Bc8 27.Qh4 Bd7 28.R1e3 b4 29.h3 bxc3
30.bxc3 Rab8 31.Rg3 Rb2 32.Bg6 Qe7 33.Rh5 Kg8 34.Rxh6 gxh6 35.Qxh6  1-0

[Event "18th Belgrade Trophy"]
[Site "Obrenovac SCG"]
[Date "2005.11.28"]
[Round "7"]
[White "Ptacnikova,L"]
[Black "Brakus,D"]
[Result "1-0"]
[WhiteElo "2181"]
[BlackElo "2051"]

1.e4 e6 2.d4 d5 3.Nd2 Nc6 4.Ngf3 Nf6 5.e5 Nd7 6.Nb3 a5 7.a4 Be7 8.h4 f6 9.exf6 Bxf6
10.Ng5 Qe7 11.f4 g6 12.Bb5 O-O 13.Nf3 Qd6 14.O-O Ne7 15.Be3 Nf5 16.Qe1 h5
17.g3 Bg7 18.Ne5 Kh7 19.Bxd7 Bxd7 20.Nc5 Bc8 21.Bf2 b6 22.Ncd3 Ba6 23.Qe2 Bxe5
24.dxe5 Qe7 25.Rfd1 Nh6 26.Qd2 Qf7 27.Ne1 Qf5 28.Nf3 Qg4 29.Ng5+ Kh8 30.Re1 Nf5
31.Kh2 Rae8 32.Qd1 Nh6 33.Qxg4 Nxg4+ 34.Kg2 c5 35.c3 Bb7 36.Kg1 Nh6 37.b4 axb4
38.cxb4 d4 39.bxc5 bxc5 40.Rec1 Ng4 41.Rxc5 Nxf2 42.Kxf2 Re7 43.Rd1 Rd8 44.Rc4 Bd5
45.Rdxd4 Rb8 46.Rb4 Reb7 47.Rxb7 Rxb7 48.Ne4 Rb3 49.Nd2 Ra3 50.Rb4 Ra2 51.Ke2 Kg7
52.Ke3 Kf7 53.Ne4 Ra3+ 54.Kd4 Ke7 55.Nc3 Bc6 56.Rc4 Bd7 57.Rc7 Kd8 58.Ra7 Ke8
59.a5 Kd8 60.a6 Bc8 61.Rg7 Rxa6 62.Rxg6 Bb7 63.Rh6 Bf3 64.f5 Ra1 65.Rh8+  1-0

[Event "TCh-CZE Extraliga 2005-6"]
[Site "Czech Rep CZE"]
[Date "2005.12.03"]
[Round "5"]
[White "Mista,A"]
[Black "Hausner,I"]
[Result "1/2-1/2"]
[WhiteElo "2479"]
[BlackElo "2441"]

1.e4 e6 2.d4 d5 3.Nd2 Be7 4.Bd3 c5 5.dxc5 Nf6 6.Qe2 Nc6 7.Ngf3 Bxc5 8.O-O Qc7
9.a3 b6 10.e5 Nd7 11.b4 Bd4 12.Nxd4 Nxd4 13.Qg4 Qxe5 14.c3 Nf5 15.Nf3 Qxc3
16.Bxf5 exf5 17.Qxf5 Nf6 18.Qg5 O-O 19.Bf4 Qd3 20.Rfe1 Be6 21.Be5 h6 22.Qg3 Qg6
23.Nd4 Qxg3 24.hxg3  1/2-1/2

[Event "TCh-CZE Extraliga 2005-6"]
[Site "Czech Rep CZE"]
[Date "2005.12.04"]
[Round "6"]
[White "Chytilek,R"]
[Black "Vavra,P1"]
[Result "1/2-1/2"]
[WhiteElo "2400"]
[BlackElo "2314"]

1.e4 e6 2.d4 d5 3.Nd2 Be7 4.Ngf3 Nf6 5.e5 Nfd7 6.c3 c5 7.Bd3 Nc6 8.O-O b6
9.a3 Bb7 10.Re1 g5 11.h3 h5 12.b4 g4 13.b5 Na5 14.hxg4 hxg4 15.Nh2 g3 16.fxg3 Qc7
17.Ndf3 Rg8 18.g4 O-O-O 19.g5 Kb8 20.Ng4 Rc8 21.Ra2 Qd8 22.Nf6 Rh8 23.Rf1 Nc4
24.a4 Nxf6 25.gxf6 Bf8 26.g4 cxd4 27.cxd4 Bb4 28.Rff2 Rh3 29.Bf4 Bc3 30.Bf1 Rh8
31.Qd3 Bb4 32.Rh2 a6 33.Rxh8 Qxh8 34.Qb3 Qf8 35.Rc2 axb5 36.axb5 Qg8 37.Rg2 Qf8
38.Rc2 Qg8 39.Rg2 Qf8 40.Rc2  1/2-1/2

[Event "TCh-HUN 2005-6"]
[Site "Hungary HUN"]
[Date "2005.12.04"]
[Round "5"]
[White "Tolnai,T"]
[Black "Hoang Thanh Trang"]
[Result "1-0"]
[WhiteElo "2459"]
[BlackElo "2471"]

1.e4 e6 2.d4 d5 3.Nd2 Be7 4.Bd3 c5 5.dxc5 Nf6 6.Qe2 Nc6 7.Ngf3 a5 8.O-O O-O
9.c3 Nd7 10.exd5 exd5 11.Nb3 a4 12.Nbd4 Nxc5 13.h3 Bf6 14.Be3 Re8 15.Qc2 Ne4
16.Rad1 Qa5 17.Rfe1 Bd7 18.a3 h6 19.Qc1 Rac8 20.Nc2 Nc5 21.Bxc5 Qxc5 22.Qd2 Na5
23.Qf4 Rxe1+ 24.Rxe1 Nc4 25.Bxc4 Qxc4 26.Qd2 Qc5 27.Ne3 Be6 28.Rd1 Rd8 29.Nd4 Rd6
30.Qe2 Rb6 31.Rd2 Qc7 32.Ng4 Bg5 33.Ne3 Qf4 34.Qd1 Qe4 35.Re2 Qg6 36.Nxe6 Bxe3
37.Nc7 Bg5 38.Nxd5 Rd6 39.c4 b5 40.c5 Rd8 41.Rd2 Qe6 42.f4 Bh4 43.Kh2 Rc8
44.g3 Bd8 45.Rc2 Ba5 46.Re2 Rd8 47.Rxe6 fxe6 48.Qe2 exd5 49.Qxb5 Bc7 50.Qb7  1-0

[Event "Bundesliga 2005-6"]
[Site "Hamburg GER"]
[Date "2005.12.10"]
[Round "5"]
[White "Van Delft,M"]
[Black "Lieb,H"]
[Result "1-0"]
[WhiteElo "2385"]
[BlackElo "2236"]

1.e4 e6 2.d4 d5 3.Nd2 Be7 4.c3 dxe4 5.Nxe4 Nf6 6.Nxf6+ Bxf6 7.Nf3 O-O 8.Bd3 Nd7
9.Qc2 g6 10.h4 e5 11.h5 Qe8 12.Kf1 Bg7 13.hxg6 hxg6 14.Bg5 Qe6 15.Re1 Qd6
16.Qe2 Re8 17.Bf4 Qe6 18.dxe5 Nc5 19.Bc4 Qe7 20.Bg5 Qf8 21.Qe3 Be6 22.Bxe6 Nxe6
23.Bf6 Qc5 24.Bxg7 Qxe3 25.Rxe3 Nxg7 26.Ng5 Rad8 27.Ke1 Nf5 28.Re2 Rd5 29.Nh7 Rexe5
30.Nf6+ Kg7 31.Nxd5 Rxd5 32.Rh3 Rd7 33.Rd2 Re7+ 34.Re2 Rd7 35.Rd2 Re7+ 36.Kd1 Nd6
37.b3 Ne4 38.Re2 Rd7+ 39.Kc2 Nc5 40.Rhe3 Kf6 41.Rd2 Rxd2+ 42.Kxd2 Ne6 43.Rf3+ Ke7
44.Rh3 Ng5 45.Re3+ Ne6 46.Rh3 Ng5 47.Rh4 Ne6 48.Rh8 Nd8 49.Ke3 Kd7 50.f4 Ke7
51.g4 Ne6 52.b4 Nf8 53.Kd4 Ne6+ 54.Ke4 Nf8 55.f5 gxf5+ 56.Kxf5 Ne6 57.Rb8 Nd8
58.g5 a6 59.a4 b6 60.Ra8 Ne6 61.Rxa6 Ng7+ 62.Ke5 Ne6 63.Ra7 Nxg5 64.Rxc7+ Kd8
65.Rb7 f6+ 66.Kf5  1-0

[Event "13th Salona"]
[Site "Solin CRO"]
[Date "2005.12.11"]
[Round "3"]
[White "Godena,M"]
[Black "Matveeva,S"]
[Result "1/2-1/2"]
[WhiteElo "2502"]
[BlackElo "2422"]

1.e4 e6 2.d4 d5 3.Nd2 Be7 4.Ngf3 Nf6 5.Bd3 c5 6.exd5 Qxd5 7.dxc5 Nbd7 8.Nb3 Nxc5
9.Nxc5 Qxc5 10.Qe2 O-O 11.Bg5 Bd7 12.O-O Rfd8 13.Rfe1 h6 14.Bh4 Nd5 15.Bxe7 Qxe7
16.Qe4 Nf6 17.Qh4 Be8 18.Rad1  1/2-1/2

[Event "12th Open"]
[Site "Zadar CRO"]
[Date "2005.12.15"]
[Round "5"]
[White "Biti,O"]
[Black "Fucak,E"]
[Result "1/2-1/2"]
[WhiteElo "2359"]
[BlackElo "2300"]

1.e4 e6 2.d4 d5 3.Nd2 Be7 4.Bd3 c5 5.dxc5 Nf6 6.Qe2 Na6 7.Bb5+ Kf8 8.e5 Nd7
9.Bxa6 bxa6 10.b4 Nxe5 11.Ngf3 Nc6 12.Rb1 Qc7 13.O-O e5 14.Nb3 Bg4 15.h3 h5
16.hxg4 hxg4 17.Nh2 e4 18.g3 f5 19.Nxg4 fxg4 20.Qxg4 Bf6 21.Bf4 Qf7 22.Kg2 g5
23.Bd6+ Kg7 24.a3 Rae8 25.Rh1 d4 26.Rxh8 Kxh8 27.Rh1+ Kg8 28.Nc1 Bg7 29.Qh5 Qe6
30.Qh7+ Kf7 31.Qh5+ Kg8 32.Qh7+ Kf7 33.Qh5+  1/2-1/2

[Event "5th Amplico AIG Life"]
[Site "Warsaw POL"]
[Date "2005.12.17"]
[Round "2"]
[White "Galazewski,T"]
[Black "Radziewicz,I"]
[Result "1-0"]
[WhiteElo "2160"]
[BlackElo "2453"]

1.e4 e6 2.d4 d5 3.Nd2 Be7 4.Ngf3 Nf6 5.Bd3 dxe4 6.Nxe4 Nxe4 7.Bxe4 c5 8.Be3 Qa5+
9.c3 cxd4 10.Bxd4 O-O 11.O-O Nd7 12.Re1 Qh5 13.Qc2 Nc5 14.Bxc5 Bxc5 15.Rad1 a5
16.Ne5 Ra6 17.Nd7 Bxd7 18.Rxd7 Rd6  1-0

[Event "ch-Marshall CC"]
[Site "New York USA"]
[Date "2005.12.18"]
[Round "9"]
[White "Yudasin,L"]
[Black "Privman,B"]
[Result "1-0"]
[WhiteElo "2554"]
[BlackElo "2238"]

1.e4 e6 2.d4 d5 3.Nd2 a6 4.Ngf3 c5 5.exd5 Qxd5 6.Bc4 Qd8 7.dxc5 Bxc5 8.Qe2 Nf6
9.O-O O-O 10.Nb3 Be7 11.a4 Nc6 12.Bf4 Nd5 13.Bg3 Bf6 14.c3 Na5 15.Nxa5 Qxa5
16.Be5 Bxe5 17.Qxe5 Qc5 18.Bxd5 Qxd5 19.Qxd5 exd5 20.Rfd1 Rd8 21.Rd4 Be6
22.Rb4 Rab8 23.Rb6 Rdc8 24.Nd4 Bd7 25.a5 Kf8 26.f3 Rc7 27.Kf2 Re8 28.Rd1 Bc8
29.Rd2 Bd7 30.Nc2 Bc6 31.Nb4 Re6 32.h4 Rce7 33.g4 g6 34.Kg3 Rd7 35.g5 Kg7
36.Rd4 h6 37.gxh6+ Kxh6 38.c4 Red6 39.cxd5 Bb5 40.Rxd6 Rxd6 41.Na2 b6 42.b4 g5
43.hxg5+ Kxg5 44.Nc3 f5 45.Nxb5 axb5 46.a6 f4+ 47.Kf2  1-0

[Event "5th Amplico AIG Life"]
[Site "Warsaw POL"]
[Date "2005.12.18"]
[Round "13"]
[White "Balogh,C"]
[Black "Szymanski,M"]
[Result "1-0"]
[WhiteElo "2567"]
[BlackElo "2434"]

1.e4 e6 2.d4 d5 3.Nd2 Be7 4.e5 c5 5.Qg4 Kf8 6.dxc5 Nc6 7.Ndf3 f5 8.Qg3 Bxc5
9.Bd3 Nge7 10.h4 h6 11.b4 g6 12.a4 Bb6 13.Ba3 a6 14.b5  1-0

[Event "Master Open"]
[Site "Zurich SUI"]
[Date "2005.12.26"]
[Round "1"]
[White "Sprenger,J"]
[Black "Kupper,Z"]
[Result "1-0"]
[WhiteElo "2505"]
[BlackElo "2154"]

1.e4 e6 2.d4 d5 3.Nd2 Nc6 4.Ngf3 Nf6 5.e5 Nd7 6.c4 Be7 7.cxd5 exd5 8.Bd3 O-O
9.Qc2 Nb4 10.Bxh7+ Kh8 11.Qb1 g6 12.Bxg6 fxg6 13.Qxg6 Nb6 14.Qh6+ Kg8 15.Qg6+ Kh8
16.a3 Nc6 17.Qh6+ Kg8 18.Qg6+ Kh8 19.h4 Bf5 20.Qh6+ Kg8 21.Nf1 Rf7 22.Ne3 Rh7
23.Qf4 Be4 24.Nf5 Qd7 25.Qg3+ Kh8 26.Nxe7 Rxe7 27.Bg5 Rf7 28.Rd1 Bxf3 29.gxf3 Qf5
30.Rg1 Kh7 31.Bf6 Nd7 32.Qg5 Qxg5 33.hxg5 Kg6 34.Rh1 Rh7 35.Rxh7 Kxh7 36.Ke2 Kg6
37.Kd3 Nxf6 38.gxf6 Rh8 39.Rg1+ Kf7 40.Rg7+ Kf8 41.Rxc7 Rh6 42.Rxb7 Rh4 43.e6 Rxd4+
44.Ke3 Rc4 45.Rh7 d4+ 46.Kd2  1-0

[Event "XXXV Rilton Cup"]
[Site "Stockholm SWE"]
[Date "2005.12.29"]
[Round "3"]
[White "Berczes,C"]
[Black "Ivanov,Sergey1"]
[Result "1/2-1/2"]
[WhiteElo "2389"]
[BlackElo "2538"]

1.e4 e6 2.d4 d5 3.Nd2 Be7 4.Bd3 c5 5.dxc5 Nf6 6.Qe2 O-O 7.Ngf3 Nfd7 8.Nb3 a5
9.a4 Na6 10.O-O Ndxc5 11.Nxc5 Nxc5 12.e5 Bd7 13.Bb5 Bxb5 14.axb5 Qc7 15.Be3 Rfc8
16.Bd4 Ne4 17.Rfc1 Bc5 18.Bxc5 Qxc5 19.Ra4 Qc7 20.c3 g6 21.Rca1 Kg7 22.Qe3 h6
23.h4 b6 24.g3 Qd8 25.Kg2 Qc7 26.Rh1 Re8 27.Rh3 Rac8 28.Nd4 Nc5 29.Ra1 Nd7
30.Re1 a4 31.Nc6 Nb8 32.Nxb8 Rxb8 33.Qf4 a3 34.bxa3 Qxc3 35.Rc1 Qd3 36.Qf6+ Kg8
37.Rc7 Qe4+ 38.Kh2 Rf8 39.h5 g5 40.g4 Rbc8 41.Rxc8 Rxc8 42.Rf3 Rf8 43.Re3 Qxg4
44.Qxh6 Rc8 45.Qf6 Rc1 46.Rg3 Qxh5+ 47.Rh3 Rh1+ 48.Kxh1 Qxh3+ 49.Kg1 Qg4+
50.Kh2 d4 51.a4 Qh4+ 52.Kg1 Qg4+ 53.Kh2 d3 54.Qd8+ Kg7 55.Qf6+ Kg8 56.Qd8+ Kg7
57.Qf6+  1/2-1/2

[Event "Master Open"]
[Site "Zurich SUI"]
[Date "2005.12.29"]
[Round "5"]
[White "Balogh,C"]
[Black "Knoedler,D"]
[Result "1/2-1/2"]
[WhiteElo "2567"]
[BlackElo "2359"]

1.e4 e6 2.d4 d5 3.Nd2 Be7 4.c3 c5 5.dxc5 Bxc5 6.Nb3 Bb6 7.exd5 exd5 8.Nf3 Nf6
9.Be2 O-O 10.O-O Nc6 11.Nfd4 Ne4 12.Be3 Re8 13.Nxc6 bxc6 14.Bxb6 axb6 15.Nd4 c5
16.Nc2 Bb7 17.Bf3 Qh4 18.Ne3 Rad8 19.Qa4 d4 20.Nf5 Qg5 21.Ng3 Nxg3 22.fxg3 Qe3+
23.Kh1 Bxf3 24.Rxf3 Qe1+ 25.Rf1 Qe6 26.cxd4 Rxd4 27.Qc2 Re4 28.h3 Re2 29.Qc3 Re3
30.Qd2 Rxg3 31.Rfe1 Re3 32.Rxe3 Qxe3 33.Qxe3 Rxe3 34.a4 Rb3 35.a5 bxa5 36.Rxa5 g6
37.Rxc5  1/2-1/2

[Event "Czech Chess Christmas"]
[Site "Litomysl CZE"]
[Date "2005.12.30"]
[Round "7"]
[White "Matras,A"]
[Black "Riedl,J"]
[Result "1-0"]
[WhiteElo "2246"]
[BlackElo "2117"]

1.e4 e6 2.d4 d5 3.Nd2 Nc6 4.Ngf3 f5 5.exf5 exf5 6.Bb5 Bd6 7.O-O Ne7 8.c4 O-O
9.Re1 Ng6 10.cxd5 Nce7 11.Bc4 Nf4 12.Nf1 Neg6 13.Ng3 Kh8 14.Ne5 Nxg2 15.Kxg2 f4
16.Nh5 Nh4+ 17.Kh1 Bh3 18.Bd3  1-0

[Event "XXXV Rilton Cup"]
[Site "Stockholm SWE"]
[Date "2005.12.31"]
[Round "5"]
[White "Berczes,C"]
[Black "Eriksson,Jor"]
[Result "1-0"]
[WhiteElo "2389"]
[BlackElo "2234"]

1.e4 e6 2.d4 d5 3.Nd2 Be7 4.Bd3 c5 5.dxc5 Nf6 6.Qe2 O-O 7.Ngf3 a5 8.O-O Na6
9.e5 Nd7 10.c3 Naxc5 11.Bc2 b6 12.Re1 a4 13.Nd4 Bb7 14.f4 f5 15.exf6 Rxf6
16.N2f3 Ne4 17.Ng5 Ndc5 18.Be3 h6 19.Nxe4 Nxe4 20.Qg4 Qd7 21.Nf3 Bc5 22.Bxc5 Nxc5
23.Re3 Raf8 24.Ne5 Qc7 25.Ng6 R8f7 26.h3 Ne4 27.Rd1 Kh7 28.Bxe4 dxe4 29.Ne5 Qc5
30.Rd4 Rc7 31.Kh2 g5 32.Nd7 Rxf4 33.Nxc5 Rxg4 34.Nxe6 Rf4  1-0

[Event "Masters"]
[Site "Hastings ENG"]
[Date "2006.01.01"]
[Round "5"]
[White "Pym,T"]
[Black "Burrows,M"]
[Result "1/2-1/2"]
[WhiteElo "2100"]
[BlackElo "2200"]

1.e4 e6 2.d4 d5 3.Nd2 a6 4.Ngf3 c5 5.exd5 exd5 6.dxc5 Bxc5 7.Nb3 Ba7 8.Bd3 Ne7
9.Bf4 Nbc6 10.O-O O-O 11.Re1 Nb4 12.Nbd4 Nxd3 13.Qxd3 Ng6 14.Bg3 Qf6 15.Rad1 Bg4
16.c3 Rad8 17.h3 Bc8 18.Ne5 Rfe8 19.Nxg6 Rxe1+ 20.Rxe1 hxg6 21.Be5 Qg5 22.Bc7 Rf8
23.Bd6 Bxd4 24.cxd4 Bf5 25.Qe3 Qxe3 26.Rxe3 Rd8  1/2-1/2

[Event "10th Open"]
[Site "Bad Zwesten GER"]
[Date "2006.01.03"]
[Round "2"]
[White "Foermes,A"]
[Black "Helstroffer,A"]
[Result "0-1"]
[WhiteElo "2047"]
[BlackElo "2281"]

1.e4 e6 2.d4 d5 3.Nd2 Nc6 4.Ngf3 Nf6 5.exd5 exd5 6.Bb5 Bd6 7.O-O O-O 8.c3 Bf5
9.Re1 h6 10.Nf1 Ne4 11.Ng3 Bh7 12.a3 Ne7 13.Bd3 f5 14.c4 c6 15.cxd5 cxd5
16.Qb3 Qd7 17.Nxe4 fxe4 18.Bxe4 Bxe4 19.Rxe4 Rxf3 20.Rxe7 Qxe7 21.gxf3 Qe1+
22.Kg2 Bxh2 23.Qxd5+ Kh8 24.Kxh2 Qxf2+ 25.Kh3 Qf1+ 26.Kg3 Qg1+ 27.Kh3 Qh1+
28.Kg3 Rf8 29.Qe4 Qg1+ 30.Kh3 Rf6 31.f4 Rg6 32.Qf3 h5 33.b4 h4 34.Qh5+ Rh6
35.Qe8+ Kh7 36.Qe4+ Rg6 37.Qxg6+ Kxg6 38.Bb2 Qg3+  0-1

[Event "12th Open A"]
[Site "Bosnjaci CRO"]
[Date "2006.01.07"]
[Round "8"]
[White "Biti,O"]
[Black "Saric,Ib"]
[Result "0-1"]
[WhiteElo "2359"]
[BlackElo "2441"]

1.e4 e6 2.d4 d5 3.Nd2 Nc6 4.Ngf3 Nf6 5.e5 Nd7 6.c3 f6 7.Bb5 fxe5 8.dxe5 Be7
9.O-O O-O 10.Re1 a5 11.Nf1 Nc5 12.Ng3 Bd7 13.Bf1 Be8 14.Nd4 Bg6 15.Qg4 Qe8
16.Bg5 Bxg5 17.Qxg5 Qf7 18.Qe3 Nxd4 19.cxd4 Nd7 20.Rac1 c6 21.Red1 Nb6 22.Rd2 Nc8
23.Rc3 Ne7 24.Qe1 Qe8 25.Rb3 Qd7 26.Qc1 Qc7 27.Rc3 b6 28.Bd3 c5 29.dxc5 bxc5
30.Rxc5 Qxe5 31.Re2 Qd4 32.Bxg6 Nxg6 33.Qe3 Qxe3 34.fxe3 Rfc8 35.Rec2 Rxc5
36.Rxc5 a4 37.Rc7 Rb8 38.Nh5 Rxb2 39.Rxg7+ Kf8 40.a3 Ne5 41.Ra7 Ng4 42.g3 Nxe3
43.Nf4 e5 44.Ne6+ Ke8 45.Rxa4 Kd7 46.Ra6 d4 47.Ng5 Rg2+ 48.Kh1 Re2 49.h3 d3  0-1

[Event "Keres Mem Rapid"]
[Site "Tallinn EST"]
[Date "2006.01.07"]
[Round "1"]
[White "Yemelin,V"]
[Black "Kasimdzhanov,R"]
[Result "0-1"]
[WhiteElo "2529"]
[BlackElo "2670"]

1.e4 e6 2.d4 d5 3.Nd2 a6 4.Ngf3 c5 5.Bd3 Nc6 6.c3 cxd4 7.cxd4 dxe4 8.Nxe4 Bb4+
9.Bd2 Bxd2+ 10.Qxd2 Nf6 11.O-O O-O 12.Rac1 Bd7 13.Rfd1 Nd5 14.Nc5 Rb8 15.a3 Nce7
16.Ne5 Be8 17.Qc2 h6 18.Qd2 a5 19.b4 axb4 20.axb4 b6 21.Na6 Ra8 22.b5 Nf5
23.Nc6 Qd6 24.Qc2 Bd7 25.Ne5 Nxd4 26.Bh7+ Kh8 27.Nxf7+ Rxf7 28.Rxd4 Rc8 29.Ra1  0-1

[Event "10th Open"]
[Site "Bad Zwesten GER"]
[Date "2006.01.08"]
[Round "9"]
[White "Rafiee,M"]
[Black "Franke,T"]
[Result "1/2-1/2"]
[WhiteElo "2053"]
[BlackElo "2167"]

1.e4 e6 2.d4 d5 3.Nd2 Nc6 4.Ngf3 Nf6 5.Bd3 Nb4 6.Qe2 Nxd3+ 7.Qxd3 Be7 8.O-O O-O
9.exd5 exd5 10.Ne5 c5 11.c3 Be6 12.Ndf3 Ne4 13.Nd2 cxd4 14.cxd4 Nd6 15.Qe2 Rc8
16.Re1 Rc2 17.Nxf7 Bxf7 18.Qxe7 Qb6 19.Nf3 Nf5 20.Qe5 Qg6 21.Qf4 Be6 22.Qg5 Qe8
23.b3 h6 24.Qf4 Qg6 25.Ba3 Rf6 26.Ne5 Qh5 27.Ng4 Rg6 28.h3 Nh4 29.Re5 Bf5
30.g3 Bxg4 31.Rxh5 Nf3+ 32.Kh1 Bxh5 33.g4 Bxg4 34.hxg4 Rxf2 35.Qg3 Rh2+ 36.Qxh2 Nxh2
37.Kxh2 Rxg4 38.Rg1 Rh4+ 39.Kg3 Rxd4 40.Rc1 Rd3+ 41.Kf4 Rd2 42.Rc8+ Kh7 43.Bf8 Rxa2
44.Ke5 Rf2 45.Kxd5 h5 46.Bc5 Rb2 47.Kc4 b6 48.Bd4 Rc2+ 49.Bc3 Rg2 50.Rc7 a6
51.Ra7 Rg4+ 52.Kd5 Rg3 53.Be5 Rxb3 54.Rxg7+ Kh6 55.Ke6 Re3 56.Rg2 Re4 57.Kf5 Rg4
58.Rxg4 hxg4 59.Kxg4  1/2-1/2

[Event "TCh-BEL 2005-6"]
[Site "Belgium BEL"]
[Date "2006.01.08"]
[Round "6"]
[White "Zaragatski,I"]
[Black "Meessen,R"]
[Result "0-1"]
[WhiteElo "2376"]
[BlackElo "2306"]

1.e4 e6 2.d4 d5 3.Nd2 Be7 4.Bd3 c5 5.dxc5 Nf6 6.Qe2 O-O 7.Ngf3 a5 8.O-O Na6
9.e5 Nd7 10.Nd4 Ndxc5 11.N2f3 Bd7 12.g3 Rc8 13.h4 Nxd3 14.cxd3 Nc5 15.Bf4 Qb6
16.h5 Bb5 17.Rad1 Qa6 18.Ne1 Rfe8 19.Kg2 a4 20.Qe3 a3 21.b3 Nd7 22.g4 Rc3
23.Rh1 Bc5 24.g5 Nf8 25.g6 fxg6 26.h6 gxh6 27.Bxh6 Qb6 28.Nef3 Ba6 29.Qf4 Bxd4
30.Nxd4 Rc7 31.Rh4 Rf7 32.Qe3 Rc8 33.Rf4 Rcc7 34.Rc1 Rxf4 35.Qxf4 Rf7 36.Qh4 Bxd3
37.Rc8 Be4+ 38.f3 Qxd4 39.Bxf8 Bxf3+ 40.Kg3 Qg1+  0-1

[Event "2nd Bundesliga Ost 2005-6"]
[Site "Austria AUT"]
[Date "2006.01.14"]
[Round "5"]
[White "Brandner,S"]
[Black "Kirschner,A"]
[Result "1/2-1/2"]
[WhiteElo "2335"]
[BlackElo "2201"]

1.e4 e6 2.d4 d5 3.Nd2 Be7 4.Ngf3 Nf6 5.Bd3 c5 6.e5 Nfd7 7.c4 cxd4 8.cxd5 exd5
9.e6 fxe6 10.Nxd4 Nf6 11.Bb5+ Kf7 12.N2f3 Rf8 13.O-O Qd6 14.Qe2 Kg8 15.Re1 Ne4
16.Bd3 Nc5 17.Bc2 Nc6  1/2-1/2

[Event "2nd Bundesliga Ost 2005-6"]
[Site "Austria AUT"]
[Date "2006.01.14"]
[Round "5"]
[White "Janetschek,K"]
[Black "Petschar,H"]
[Result "1/2-1/2"]
[WhiteElo "2310"]
[BlackElo "2100"]

1.e4 e6 2.d4 d5 3.Nd2 Be7 4.Ngf3 Nf6 5.e5 Nfd7 6.Bd3 c5 7.c3 Nc6 8.O-O g5
9.c4 g4 10.cxd5 exd5 11.e6 fxe6 12.Ne5 Ndxe5 13.dxe5 Nxe5 14.Bb5+ Bd7 15.Re1 Bxb5
16.Rxe5 Qd6 17.Qe1 Bd7 18.Nb3 O-O-O 19.Bf4 Qb6 20.Be3 Kb8 21.Rc1 Rc8 22.Rh5 Bd6
23.Bxc5 Bxc5 24.Nxc5 Qd6  1/2-1/2

[Event "4NCL 2005-06"]
[Site "Birmingham ENG"]
[Date "2006.01.14"]
[Round "5"]
[White "Bhatia,K"]
[Black "Broomfield,M"]
[Result "0-1"]
[WhiteElo "2091"]
[BlackElo "2288"]

1.e4 e6 2.d4 d5 3.Nd2 Be7 4.Bd3 c5 5.dxc5 Nf6 6.Qe2 O-O 7.Ngf3 a5 8.a4 Na6
9.e5 Nd7 10.O-O Ndxc5 11.Bb5 Nc7 12.Nd4 Nxb5 13.Nxb5 b6 14.Nf3 Ba6 15.Nfd4 Qd7
16.b3 Rac8 17.Re1 Ne4 18.Qg4 Bb4 19.Rd1 Bxb5 20.axb5 Bc3 21.Rb1 Bxd4 22.Rxd4 Nc3
23.Ra1 Nxb5 24.Rd2 Qc7 25.Bb2 Rfd8 26.Rad1 Nc3 27.Re1 b5 28.Re3 Ne4 29.Rde2 a4
30.Qh5 a3 31.Bxa3 Ra8 32.Bb2 Ra2 33.c3 b4 34.c4 dxc4 35.Rxe4 Rd1+ 36.Re1 Rxe1+
37.Rxe1 Rxb2 38.bxc4 Qxc4 39.Qd1 h6 40.Qd8+ Kh7 41.Qd1 Qc2 42.Rf1 Qxd1 43.Rxd1 b3
44.g3 Rc2 45.Rb1 b2 46.Kg2 Kg6 47.g4 h5 48.h3 hxg4 49.hxg4 Kg5 50.Kg3 Rc3+
51.f3 Rb3 52.Kf2 Kf4 53.Kg2 Ke3  0-1